|
|
|
|
| LEADER |
00655cam a2200205 7i4500 |
| 001 |
0000051090 |
| 005 |
20170208090000.0 |
| 020 |
|
|
|a 9781111525545 (pbk.)
|
| 090 |
0 |
0 |
|a HF5635
|b .P72 2012
|
| 100 |
1 |
|
|a Powers, Marian
|
| 245 |
1 |
0 |
|a Financial accounting
|c Marian Powers, Belverd E. Needles.
|
| 250 |
|
|
|a 11th ed.
|
| 260 |
|
|
|a Australia:
|b South-Western, Cengage Learning,
|c 2012.
|
| 300 |
|
|
|a xxv, 705 p.:
|b col. ill.;
|c 28 cm.
|
| 650 |
0 |
0 |
|a Accounting
|
| 700 |
1 |
|
|a Needles, Belverd E
|
| 997 |
|
|
|a Business & Accountancy, Faculty
|
| 998 |
|
|
|a Accountancy, Diploma
|
| 998 |
|
|
|a Accountancy, Degree
|
| 999 |
|
|
|a 0000060842
|b BOK
|c OPEN SHELF
|e 1st Floor, Shah Alam
|